000 00461nam a2200157Ia 4500
008 240729s9999 xx 000 0 und d
022 _a1996-7241
245 0 _aAsian Development Review
260 _aSingapore
260 _bWorld Scientific Publishing
650 _a Social sciences and state - Asia (Asian studies only)
650 _aSocial Sciences
856 _uhttps://doaj.org/toc/b8a08dc384104e95ba0425b7871405d5
942 _2ddc
942 _cDOAJEJ
999 _c69594
_d69594
945 _a1
_bMadushi Gamage
_c1
_dMadushi Gamage